[Event "104th ch-GBR 2017"]
[Site "Llandudno WLS"]
[Date "2017.07.31"]
[Round "3.13"]
[White "Hanley, Craig A"]
[Black "Richardson, John R"]
[Result "1-0"]
[WhiteTitle "IM"]
[BlackTitle "FM"]
[WhiteElo "2441"]
[BlackElo "2237"]
[WhiteFideId "408514"]
[BlackFideId "401617"]
[EventDate "2017.07.29"]

1. e4 c6 2. d4 d5 3. f3 dxe4 4. fxe4 e5 5. Nf3 Bg4 6. Bc4 Nd7 7. c3 Bh5 8. O-O
Ngf6 9. Bg5 Bd6 10. Nbd2 O-O 11. Kh1 Qc7 12. Qc2 Rae8 13. Bd3 Bg6 14. Rae1 b5
15. Be3 c5 16. dxc5 Nxc5 17. Nh4 a6 18. Nxg6 hxg6 19. Be2 Ne6 20. Nb3 Rd8 21.
Bf3 Nc5 22. Rd1 Nxb3 23. Qxb3 Bc5 24. Bg5 Rxd1 25. Rxd1 Rd8 26. a4 Ba7 27. Rf1
Qc5 28. axb5 axb5 29. Bh4 Qc6 30. Bg3 Re8 31. h3 Re7 32. Re1 Bc5 33. Rd1 Qb6 34.
Qc2 b4 35. cxb4 Qxb4 36. Be1 Qb6 37. Ra1 Bd4 38. Ra8+ Kh7 39. b4 Rc7 40. Qd1 Bc3
41. Qd8 g5 42. Bxc3 g4 43. hxg4 Qc6 44. Qh8+ Kg6 45. Rg8 1-0

[Event "104th ch-GBR 2017"]
[Site "Llandudno WLS"]
[Date "2017.07.31"]
[Round "3.14"]
[White "Kolbus, Dietmar"]
[Black "Arkell, Keith C"]
[Result "1/2-1/2"]
[WhiteTitle "IM"]
[BlackTitle "GM"]
[WhiteElo "2306"]
[BlackElo "2424"]
[WhiteFideId "4610628"]
[BlackFideId "400270"]
[EventDate "2017.07.29"]

1. c4 Nf6 2. Nf3 b6 3. g3 Bb7 4. Bg2 c5 5. O-O e6 6. Nc3 Be7 7. b3 O-O 8. Bb2 d6
9. d4 cxd4 10. Qxd4 Nbd7 11. Ng5 Bxg2 12. Kxg2 Qc7 13. Kg1 Qc6 14. Nge4 Nc5 15.
Nxc5 bxc5 16. Qf4 Rfd8 17. Rfd1 a5 18. Rd3 Ne8 19. Qf3 Qxf3 20. Rxf3 Bf6 21. Na4
Bxb2 22. Nxb2 Kf8 23. Rd3 Ke7 24. Na4 g5 25. Rad1 g4 26. h3 h5 27. Kg2 Nf6 28.
Nc3 Ra6 29. h4 Nd7 30. R3d2 Ne5 31. a4 Rb6 32. Nb5 f5 33. Kh2 Nf7 34. Kg2 Rb7
35. Kf1 Rbd7 36. Rc1 Ne5 37. Kg2 Ng6 38. Rcd1 Ne5 39. Rc1 Nc6 40. Kf1 Nb4 41.
Ke1 Kf6 42. Rc3 Nc6 43. Kf1 Ne5 44. Kg2 Ng6 45. Rcd3 Ke7 46. Rc3 Nf8 47. Rd1 Nh7
48. Rc2 Nf6 49. Kf1 Ne4 50. Kg2 Rf8 51. Rd3 f4 52. Nc3 Nxc3 53. Rcxc3 Kd8 54.
gxf4 Rxf4 55. Kg3 Rf6 56. Rc1 Kc7 57. Rcd1 Kc6 58. R3d2 Rf5 59. Rd3 Re5 60. R1d2
d5 61. cxd5+ exd5 62. e3 Rf7 63. Kg2 Kd6 64. Rc3 Re4 65. Rcd3 Rf5 66. Rc3 d4 67.
exd4 Rxd4 68. Rdc2 Rfd5 69. Kg3 Rd3+ 70. Kf4 Rxc3 71. Rxc3 Rd2 72. Kg3 Rd4 73.
Kg2 Rd1 74. f3 Rd4 75. Kg3 gxf3 76. Rxf3 Rg4+ 77. Kh3 Rb4 78. Kg3 Ke5 79. Re3+
Kd5 80. Rd3+ Rd4 81. Rc3 c4 82. bxc4+ Rxc4 83. Rf3 Ke5 84. Rf8 Rg4+ 85. Kh3 Rf4
86. Ra8 Rxa4 87. Rh8 Kf4 88. Rxh5 Ra3+ 89. Kg2 Kg4 90. Rh8 a4 91. Kf2 Rh3 92.
Ke2 a3 93. Rg8+ Kf4 94. Rg1 Ke5 1/2-1/2

[Event "104th ch-GBR 2017"]
[Site "Llandudno WLS"]
[Date "2017.07.31"]
[Round "3.15"]
[White "Houska, Jovanka"]
[Black "Shaw, Peter"]
[Result "0-1"]
[WhiteTitle "IM"]
[WhiteElo "2402"]
[BlackElo "2103"]
[WhiteFideId "405094"]
[BlackFideId "411361"]
[EventDate "2017.07.29"]

1. d4 e6 2. c4 f5 3. g3 Nf6 4. Bg2 Be7 5. Nf3 O-O 6. O-O d6 7. Nc3 Ne4 8. Qc2
Nxc3 9. Qxc3 a5 10. b3 Nc6 11. Bb2 Bf6 12. c5 e5 13. cxd6 cxd6 14. dxe5 dxe5 15.
e4 Kh8 16. Qc4 Qe8 17. Rfe1 Be6 18. Qe2 f4 19. Qb5 Bg4 20. Nd2 Rd8 21. Bc3 Bg5
22. Nc4 Qh5 23. Nxa5 fxg3 24. hxg3 Rxf2 25. Kxf2 Qh2 26. Bb4 Nxb4 27. Qxb4 Rd2+
28. Qxd2 Bxd2 29. Rh1 Be3+ 30. Kxe3 Qxg3+ 31. Kd2 Qxg2+ 32. Kc3 Qf3+ 33. Kb2
Qxe4 34. a4 h5 35. Nc4 Qd4+ 36. Ka3 g5 37. Ra2 Qc5+ 38. Kb2 Qd4+ 39. Ka3 Bf3 40.
Rc1 h4 41. Rd2 Qf4 42. Rc3 Kg7 43. Rd7+ Kh6 44. Nxe5 Qxe5 45. Rxf3 g4 46. Rfd3
g3 47. R3d5 Qxd5 48. Rxd5 g2 49. Rd1 h3 50. Rg1 Kg5 51. b4 Kf4 52. b5 Kf3 53. a5
h2 54. Rxg2 Kxg2 55. a6 bxa6 56. bxa6 h1=Q 0-1

[Event "104th ch-GBR 2017"]
[Site "Llandudno WLS"]
[Date "2017.07.31"]
[Round "3.16"]
[White "Abrahams, Daniel"]
[Black "Arakhamia-Grant, Ketevan"]
[Result "0-1"]
[BlackTitle "GM"]
[WhiteElo "2162"]
[BlackElo "2364"]
[WhiteFideId "2606879"]
[BlackFideId "13600168"]
[EventDate "2017.07.29"]

1. Nf3 c5 2. c4 g6 3. Nc3 Bg7 4. a3 Nc6 5. Rb1 d6 6. d3 e6 7. Qd2 Nge7 8. b4 O-O
9. e3 b6 10. Be2 Nf5 11. Ne4 d5 12. cxd5 exd5 13. Ng3 Nh4 14. bxc5 Nxg2+ 15. Kf1
Bh3 16. Kg1 bxc5 17. Bf1 Nh4 18. Nxh4 Qxh4 19. Rb5 Ne5 20. Qd1 Qa4 21. Qxa4 Nf3# 0-1

[Event "104th ch-GBR 2017"]
[Site "Llandudno WLS"]
[Date "2017.07.31"]
[Round "3.17"]
[White "Zhou, Yang-Fan"]
[Black "Coathup, Roger H"]
[Result "1-0"]
[WhiteTitle "IM"]
[WhiteElo "2468"]
[BlackElo "2151"]
[WhiteFideId "468584"]
[BlackFideId "407062"]
[EventDate "2017.07.29"]

1. e4 c5 2. Nf3 e6 3. d4 cxd4 4. Nxd4 a6 5. Nc3 Qc7 6. Bd3 Nf6 7. O-O Bc5 8. Nb3
Be7 9. f4 d6 10. Qf3 Nbd7 11. a4 b6 12. Bd2 Bb7 13. Rae1 O-O 14. Qh3 g6 15. f5
exf5 16. exf5 Ne5 17. Bg5 Bd8 18. Qh4 Nh5 19. f6 Nd7 20. Be4 Bxe4 21. Rxe4 h6
22. Bxh6 Ndxf6 23. Bxf8 Kxf8 24. Re2 Qc6 25. Ref2 Ra7 26. Qd4 Ng8 27. Qd5 Qxd5
28. Nxd5 b5 29. axb5 axb5 30. Nd4 Ngf6 31. Nxf6 Nxf6 32. Rxf6 1-0

[Event "104th ch-GBR 2017"]
[Site "Llandudno WLS"]
[Date "2017.07.31"]
[Round "3.18"]
[White "Sun, Xinyue"]
[Black "Trent, Lawrence"]
[Result "1-0"]
[WhiteTitle "WFM"]
[BlackTitle "IM"]
[WhiteElo "2132"]
[BlackElo "2445"]
[WhiteFideId "8600813"]
[BlackFideId "408638"]
[EventDate "2017.07.29"]

1. e4 g6 2. d4 Bg7 3. Nc3 c6 4. Be3 d5 5. Qd2 dxe4 6. Nxe4 Nd7 7. Nf3 Ngf6 8.
Nxf6+ Nxf6 9. Bd3 Ng4 10. O-O Nxe3 11. Qxe3 O-O 12. c3 Qc7 13. Rfe1 e6 14. h4
Rd8 15. h5 Rd5 16. h6 Bh8 17. Bc4 Rd8 18. Ng5 Qe7 19. Qf4 a5 20. a4 b6 21. Re3
Ra7 22. Rae1 Rd5 23. Bxd5 cxd5 24. c4 Bf6 25. Nf3 dxc4 26. d5 Bxb2 27. Qxc4 Rc7
28. Qb3 Bc1 29. Rd3 Qf8 30. d6 Rc5 31. Qxb6 Rc4 32. d7 Bxd7 33. Rxd7 Qxh6 34.
Qb8+ 1-0

[Event "104th ch-GBR 2017"]
[Site "Llandudno WLS"]
[Date "2017.07.31"]
[Round "3.19"]
[White "Merry, Alan B"]
[Black "Smith, Andrew Philip"]
[Result "1-0"]
[WhiteTitle "IM"]
[BlackTitle "FM"]
[WhiteElo "2427"]
[BlackElo "2146"]
[WhiteFideId "418811"]
[BlackFideId "2500833"]
[EventDate "2017.07.29"]

1. e4 c6 2. Nc3 d5 3. Nf3 dxe4 4. Nxe4 Nf6 5. Qe2 Bf5 6. Nxf6+ gxf6 7. d4 Nd7 8.
g3 Nb6 9. Bg2 Qd7 10. O-O Bh3 11. c4 Bxg2 12. Kxg2 Bg7 13. Re1 e6 14. Be3 O-O
15. Rad1 Rad8 16. b3 Rfe8 17. Nh4 Nc8 18. Kg1 Ne7 19. Qf3 b5 20. Ng2 bxc4 21.
bxc4 Qc7 22. Nf4 Qa5 23. Nh5 Qf5 24. Qe2 Qa5 25. Qg4 Ng6 26. Qf3 f5 27. Nxg7
Kxg7 28. Qxc6 Rc8 29. Qf3 Rxc4 30. d5 Re4 31. dxe6 fxe6 32. Rd7+ Re7 33. Red1
Qb5 34. Rxe7+ Nxe7 35. Qh5 Qe5 36. Bh6+ Kh8 37. Rd8+ Ng8 38. Rxg8+ 1-0

[Event "104th ch-GBR 2017"]
[Site "Llandudno WLS"]
[Date "2017.07.31"]
[Round "3.20"]
[White "Hunt, Adam C"]
[Black "Ogunshola, Ben"]
[Result "1/2-1/2"]
[WhiteTitle "IM"]
[WhiteElo "2424"]
[BlackElo "2133"]
[WhiteFideId "403970"]
[BlackFideId "8500231"]
[EventDate "2017.07.29"]

1. d4 g6 2. Nf3 Bg7 3. c4 Nf6 4. g3 c5 5. d5 b5 6. cxb5 d6 7. Bg2 a6 8. b6 Qxb6
9. Nc3 a5 10. O-O O-O 11. e4 Bg4 12. Qc2 Na6 13. Be3 Rfb8 14. Rab1 a4 15. a3 Nc7
16. Nd2 Qa6 17. Rfe1 Bd7 18. h3 Nb5 19. Bf1 Qc8 20. Nxb5 Bxb5 21. Kg2 Qa6 22.
Nc4 Ra7 23. Bd2 Nd7 24. f4 Bd4 25. Be3 Bg7 26. Bd2 Bd4 27. Be3 Bg7 28. Bd2 1/2-1/2

[Event "104th ch-GBR 2017"]
[Site "Llandudno WLS"]
[Date "2017.07.31"]
[Round "3.21"]
[White "Jackson, Sheila"]
[Black "Pritchett, Craig W"]
[Result "1/2-1/2"]
[WhiteTitle "WGM"]
[BlackTitle "IM"]
[WhiteElo "2125"]
[BlackElo "2326"]
[WhiteFideId "402508"]
[BlackFideId "2400065"]
[EventDate "2017.07.29"]

1. e4 c5 2. Nf3 e6 3. c3 Nf6 4. e5 Nd5 5. d4 cxd4 6. cxd4 d6 7. Bc4 Nb6 8. Bb3
dxe5 9. Nxe5 Nc6 10. Nxc6 bxc6 11. O-O Be7 12. Nc3 O-O 13. Be3 Ba6 14. Re1 Bc4
15. Bc2 Nd5 16. Qf3 Rb8 17. Nxd5 Bxd5 18. Qh3 g6 19. b3 Bf6 20. Rad1 Qa5 21. Bb1
Rbd8 22. Qg3 Rd7 23. h4 h5 24. Bh6 Rfd8 25. Re5 Bxe5 26. Qxe5 f5 27. Qg3 Kh7 28.
Bg5 Rf8 29. Qe5 Qc7 30. Bf4 Qxe5 31. Bxe5 Rfd8 32. Rc1 Kg8 33. Rc5 Kf7 34. f3
Rg8 35. f4 Rb7 36. Bd3 Ke7 37. Kf2 Ra8 38. Ra5 Kd7 39. g3 a6 40. Ke3 Rb6 41. Kd2
Rb7 42. Kc3 Rb6 43. Be2 Rb7 1/2-1/2

[Event "104th ch-GBR 2017"]
[Site "Llandudno WLS"]
[Date "2017.07.31"]
[Round "3.22"]
[White "Burrows, Martin P"]
[Black "Horton, Andrew P"]
[Result "0-1"]
[BlackTitle "FM"]
[WhiteElo "2115"]
[BlackElo "2324"]
[WhiteFideId "409057"]
[BlackFideId "424269"]
[EventDate "2017.07.29"]

1. e4 e5 2. Nf3 Nc6 3. Bb5 a6 4. Ba4 Nf6 5. O-O Be7 6. Re1 b5 7. Bb3 d6 8. c3
O-O 9. h3 Nb8 10. d4 Nbd7 11. Nbd2 Bb7 12. Bc2 Re8 13. a4 Bf8 14. Bd3 c6 15. b3
g6 16. Bb2 Nh5 17. Bf1 Bg7 18. Qc2 Nf4 19. axb5 axb5 20. Rxa8 Qxa8 21. g3 Ne6
22. dxe5 Nxe5 23. Nxe5 Bxe5 24. Ra1 Qb8 25. Nf3 Bg7 26. c4 Bxb2 27. Qxb2 b4 28.
Nh2 h5 29. Bg2 c5 30. Nf1 Nd4 31. f3 h4 32. gxh4 Qd8 33. Ne3 Qxh4 34. Rd1 Qh8
35. Qf2 Qe5 36. Qh4 g5 37. Qh6 Re6 38. Qh5 Qf4 39. Ng4 Kg7 40. Kf2 Bxe4 0-1

[Event "104th ch-GBR 2017"]
[Site "Llandudno WLS"]
[Date "2017.07.31"]
[Round "3.23"]
[White "Longson, Alexander"]
[Black "Kalaiyalahan, Akshaya"]
[Result "1/2-1/2"]
[WhiteTitle "FM"]
[BlackTitle "FM"]
[WhiteElo "2323"]
[BlackElo "2127"]
[WhiteFideId "408093"]
[BlackFideId "422894"]
[EventDate "2017.07.29"]

1. e4 c5 2. Nf3 e6 3. d4 cxd4 4. Nxd4 Nc6 5. Nc3 Qc7 6. Be3 a6 7. Qd2 Nf6 8.
O-O-O Be7 9. f3 b5 10. Nxc6 dxc6 11. g4 O-O 12. Qf2 c5 13. g5 Nd7 14. Qg3 Qa5
15. e5 c4 16. Ne4 Qxa2 17. Nf6+ Nxf6 18. gxf6 Qa1+ 19. Kd2 Rd8+ 20. Bd3 Qa5+ 21.
Kc1 Qa1+ 22. Kd2 Qa5+ 23. Kc1 Qa1+ 24. Kd2 1/2-1/2

[Event "104th ch-GBR 2017"]
[Site "Llandudno WLS"]
[Date "2017.07.31"]
[Round "3.24"]
[White "Dineley, Richard"]
[Black "Lam, Paul G M"]
[Result "1-0"]
[WhiteElo "2269"]
[BlackElo "2111"]
[WhiteFideId "1800680"]
[BlackFideId "411566"]
[EventDate "2017.07.29"]

1. e4 Nc6 2. Nf3 d6 3. d4 Nf6 4. Nc3 Bg4 5. Be3 a6 6. Be2 e6 7. d5 exd5 8. exd5
Bxf3 9. Bxf3 Ne5 10. Be2 Be7 11. a4 O-O 12. f4 Ng6 13. O-O Nd7 14. g3 Re8 15.
Qd2 Bf6 16. Bf3 a5 17. Rae1 Nc5 18. b3 Ne7 19. Nb5 Qd7 20. Bf2 g6 21. Re2 Nf5
22. Rfe1 Rxe2 23. Rxe2 h5 24. Kg2 b6 25. h3 Rd8 26. Nc3 Re8 27. Ne4 Nxe4 28.
Bxe4 Ng7 29. Bd3 Rxe2 30. Qxe2 Qe8 31. g4 Qxe2 32. Bxe2 hxg4 33. hxg4 Kf8 34.
Kf3 Ke7 35. Ke4 Ne8 36. Bf3 Bb2 37. Be3 Bf6 38. Kd3 Kd8 39. Kc4 Be7 40. Kb5 Kc8
41. Kc6 Bf6 42. Bd2 Bd4 43. c3 Bf2 44. b4 axb4 45. cxb4 Bd4 46. a5 bxa5 47. bxa5
Nf6 48. g5 Ng8 49. Bg4+ Kd8 50. Kb7 f5 51. Bf3 Ne7 52. a6 Nc8 53. Ba5 Be3 54.
Bxc7+ Kd7 55. Be2 Bxf4 56. Bb5+ Ke7 57. Kxc8 Be3 58. Kb7 1-0

[Event "104th ch-GBR 2017"]
[Site "Llandudno WLS"]
[Date "2017.07.31"]
[Round "3.25"]
[White "Rudd, Jack"]
[Black "Stewart, Ashley"]
[Result "1-0"]
[WhiteTitle "IM"]
[WhiteElo "2252"]
[BlackElo "2111"]
[WhiteFideId "405736"]
[BlackFideId "419001"]
[EventDate "2017.07.29"]

1. d4 Nf6 2. c4 g6 3. Nc3 Bg7 4. e4 d6 5. Be2 O-O 6. Bg5 c5 7. d5 e6 8. Nf3 exd5
9. cxd5 h6 10. Bh4 b5 11. e5 dxe5 12. Bxb5 e4 13. Ne5 Qe7 14. Nc4 Qb7 15. O-O
Bd7 16. a4 a6 17. Bxf6 Bxf6 18. Nxe4 Bd4 19. Na5 Qc7 20. Bxd7 Qxa5 21. Bh3 Rd8
22. Rb1 Qb4 23. b3 Nd7 24. Rc1 Nb6 25. d6 f5 26. Ng3 Rxd6 27. Qf3 Re8 28. Nxf5
Rf6 29. Qg3 Be5 30. f4 Bc7 31. Nxh6+ Kg7 32. Ng4 Rxf4 33. Qh4 Qd4+ 34. Kh1 Qd6
35. Qh6+ Kg8 36. Rxf4 Qxf4 37. Qxg6+ Kf8 38. Qb1 Kg7 39. Rf1 Qd6 40. Qf5 Re7 41.
Qf8+ Kh7 42. Nf6+ Kg6 43. Bf5+ Kg5 44. h4+ Kxh4 45. Qh6+ 1-0

[Event "104th ch-GBR 2017"]
[Site "Llandudno WLS"]
[Date "2017.07.31"]
[Round "3.26"]
[White "Pleasants, Allan J"]
[Black "Toma, Katarzyna"]
[Result "1-0"]
[BlackTitle "WGM"]
[WhiteElo "2103"]
[BlackElo "2252"]
[WhiteFideId "411337"]
[BlackFideId "1119907"]
[EventDate "2017.07.29"]

1. c4 Nf6 2. g3 g6 3. Bg2 d5 4. cxd5 Nxd5 5. Nc3 Nb6 6. Nf3 Bg7 7. d3 Nc6 8. Be3
O-O 9. Qd2 e5 10. Bh6 Bxh6 11. Qxh6 Qf6 12. Ng5 Qg7 13. Qxg7+ Kxg7 14. Bxc6 bxc6
15. Nge4 f5 16. Nc5 Nd5 17. Rc1 Rb8 18. b3 Rf6 19. Kd2 g5 20. e3 Rd6 21. Nxd5
cxd5 22. h4 g4 23. d4 e4 24. Rc3 c6 25. Rhc1 Kf8 26. a3 a5 27. Rb1 Ke7 28. b4
Rd8 29. Rcb3 axb4 30. Rxb4 Ra8 31. a4 h5 32. Rb6 Kd6 33. Kc3 Kc7 34. R1b4 Re8
35. Kb2 f4 36. exf4 e3 37. fxe3 Rxe3 38. Rb3 Rf3 39. R6b4 Kd6 40. Rc3 Rf2+ 41.
Rc2 Rf3 42. Rb3 Bf5 43. Re2 Be4 44. Rb7 Rd8 45. a5 Rxg3 46. a6 Rg1 47. a7 Bf5
48. Rf7 1-0

[Event "104th ch-GBR 2017"]
[Site "Llandudno WLS"]
[Date "2017.07.31"]
[Round "3.27"]
[White "Golding, Alex"]
[Black "Brozel, Sacha"]
[Result "1/2-1/2"]
[WhiteElo "2222"]
[BlackElo "2097"]
[WhiteFideId "427241"]
[BlackFideId "429317"]
[EventDate "2017.07.29"]

1. e4 e6 2. d3 d5 3. Nd2 Nf6 4. Qe2 b6 5. g3 Bb7 6. e5 Nfd7 7. Bg2 Nc6 8. Ndf3
f6 9. d4 fxe5 10. dxe5 Bc5 11. Bg5 Ne7 12. Nh3 h6 13. Nf4 Nf8 14. Bxe7 Qxe7 15.
c3 Qf7 16. h4 O-O-O 17. b4 Be7 18. Nd4 Kb8 19. Bh3 g5 20. Nfxe6 Nxe6 21. Bxe6
Qg7 22. h5 Rhe8 23. O-O c5 24. Nf5 Qh7 25. Qg4 Bf8 26. Nd6 Bxd6 27. exd6 Rxd6
28. Bf5 Qc7 29. Rae1 Red8 30. bxc5 Qxc5 31. Qd4 Qxd4 32. cxd4 Ba6 33. Re7 Bxf1
34. Kxf1 Rf6 35. g4 b5 36. Rh7 b4 37. f4 gxf4 38. Bg6 f3 39. Rxh6 Rf4 40. Bf5 f2
41. Rc6 Re8 42. Rc1 Re3 43. Rb1 Rg3 44. Ke2 Ra3 45. Rf1 Rff3 46. Rxf2 Rg3 47.
Kf1 b3 48. axb3 Ra1+ 49. Ke2 Ra2+ 50. Kf1 Ra1+ 1/2-1/2

[Event "104th ch-GBR 2017"]
[Site "Llandudno WLS"]
[Date "2017.07.31"]
[Round "3.28"]
[White "Ahluwalia, Amardip"]
[Black "Willmoth, Robert F"]
[Result "0-1"]
[BlackTitle "CM"]
[WhiteElo "1995"]
[BlackElo "2211"]
[WhiteFideId "437085"]
[BlackFideId "402540"]
[EventDate "2017.07.29"]

1. e4 d6 2. d4 Nf6 3. Nc3 c6 4. Nf3 Bg4 5. h3 Bh5 6. Qe2 e6 7. g4 Bg6 8. h4 h5
9. g5 Nfd7 10. Bh3 Be7 11. d5 cxd5 12. exd5 e5 13. Be3 Na6 14. O-O-O O-O 15. a3
Nac5 16. Nd2 Re8 17. Rhf1 Rb8 18. f4 exf4 19. Rxf4 Bf8 20. Qf2 Qe7 21. Bd4 Ne5
22. Bxc5 dxc5 23. d6 Qxd6 24. Nc4 Qa6 25. Nxe5 Rxe5 26. Rd7 Re7 27. Rxe7 Bxe7
28. Bf1 Qc6 29. Bg2 Qd7 30. Be4 Rd8 31. Bxg6 fxg6 32. Rf3 Qc6 33. Qe3 Bd6 34.
Qe6+ Kh7 35. Qe4 Qd7 36. Rd3 Qf5 37. Rf3 Qd7 38. Rd3 Qf5 39. Rf3 Qg4 40. Kb1 b5
41. Rf7 b4 42. axb4 cxb4 43. Qb7 Bf8 44. Nd5 Qd1+ 45. Ka2 Qxc2 46. Rd7 b3+ 0-1

[Event "104th ch-GBR 2017"]
[Site "Llandudno WLS"]
[Date "2017.07.31"]
[Round "3.29"]
[White "Graham, David B"]
[Black "Willow, Jonah B"]
[Result "1/2-1/2"]
[WhiteElo "2201"]
[BlackElo "2077"]
[WhiteFideId "408131"]
[BlackFideId "438804"]
[EventDate "2017.07.29"]

1. e4 c5 2. Nc3 Nc6 3. f4 g6 4. Nf3 Bg7 5. Bb5 Nd4 6. O-O a6 7. Bd3 e6 8. Nxd4
cxd4 9. Ne2 Ne7 10. c3 Nc6 11. Qe1 O-O 12. Qf2 d5 13. e5 f6 14. exf6 Qxf6 15. b3
e5 16. Ba3 e4 17. Bxf8 Bxf8 18. Bb1 Bc5 19. Kh1 Ba7 20. Qg3 Bf5 21. Qg5 Qxg5 22.
fxg5 d3 23. Ng3 d4 24. Bxd3 exd3 25. Nxf5 gxf5 26. c4 Re8 27. Rxf5 Re2 28. Raf1
Rxd2 29. Rf8+ Kg7 30. R8f7+ Kg8 31. Rf8+ Kg7 32. R8f7+ 1/2-1/2

[Event "104th ch-GBR 2017"]
[Site "Llandudno WLS"]
[Date "2017.07.31"]
[Round "3.30"]
[White "Horton, Jamie A"]
[Black "Brewer, Callum D"]
[Result "1-0"]
[WhiteElo "2178"]
[BlackElo "2015"]
[WhiteFideId "421472"]
[BlackFideId "435309"]
[EventDate "2017.07.29"]

1. e4 c6 2. d4 d5 3. Nc3 dxe4 4. Nxe4 Nd7 5. Ng5 Ngf6 6. Bd3 e6 7. N1f3 Bd6 8.
Qe2 h6 9. Ne4 Nxe4 10. Qxe4 Qc7 11. O-O b6 12. Qg4 Kf8 13. b3 Bb7 14. Re1 Nf6
15. Qh3 Nd5 16. c4 Nf4 17. Bxf4 Bxf4 18. c5 Qe7 19. b4 Rd8 20. Rad1 g5 21. Bc4
Qf6 22. g3 Bc7 23. Qg4 Ke7 24. Qe4 Rhg8 25. b5 Qg6 26. Qxg6 Rxg6 27. bxc6 Bxc6
28. d5 Ba4 29. d6+ Bxd6 30. cxd6+ Rxd6 31. Rxd6 Kxd6 32. Rc1 Rg8 33. Be2 Rd8 34.
Kf1 Rd7 35. Ke1 f6 36. Nd4 Ke5 37. Nb5 Rb7 38. Rc7 Rxc7 39. Nxc7 Bc6 40. Kd2 a5
41. Ke3 Kf5 42. Nb5 e5 43. Nd6+ Ke6 44. Nc4 f5 45. Nxb6 f4+ 46. Kd2 Kf5 47. Nc4
a4 48. a3 f3 49. Bd3+ e4 50. Bf1 h5 51. Ke3 Ke6 52. Kd4 g4 53. Ne3 1-0

[Event "104th ch-GBR 2017"]
[Site "Llandudno WLS"]
[Date "2017.07.31"]
[Round "3.31"]
[White "Anilkumar, Anantha P"]
[Black "Kalavannan, Koby"]
[Result "0-1"]
[WhiteElo "1932"]
[BlackElo "2175"]
[WhiteFideId "424730"]
[BlackFideId "425753"]
[EventDate "2017.07.29"]

1. d4 Nf6 2. c4 g6 3. Nc3 Bg7 4. e4 d6 5. Nge2 O-O 6. Ng3 h5 7. Be2 Nbd7 8. Bg5
Nh7 9. Be3 e5 10. d5 h4 11. Nf1 f5 12. exf5 gxf5 13. f4 b6 14. Qd2 Nc5 15. Rg1
Qf6 16. O-O-O a5 17. g3 h3 18. g4 exf4 19. Bxf4 fxg4 20. Be3 Qg6 21. Bd4 Bh6 22.
Be3 Bg7 23. Bd4 Bxd4 24. Qxd4 Qg5+ 25. Ne3 Rf4 26. Qd2 Nf6 27. Rdf1 Nce4 28.
Nxe4 Rxe4 29. Rxf6 Qxf6 30. Bxg4 Bxg4 0-1

[Event "104th ch-GBR 2017"]
[Site "Llandudno WLS"]
[Date "2017.07.31"]
[Round "3.32"]
[White "Fathallah, Joe"]
[Black "Gaudeau, Valentin"]
[Result "1/2-1/2"]
[WhiteElo "1919"]
[BlackElo "2170"]
[WhiteFideId "1801899"]
[BlackFideId "662216"]
[EventDate "2017.07.29"]

1. d4 Nf6 2. c4 e6 3. Nc3 Bb4 4. Qc2 O-O 5. a3 Bxc3+ 6. Qxc3 d6 7. Bg5 Nbd7 8.
Nf3 b6 9. Nd2 c5 10. dxc5 bxc5 11. e4 e5 12. Be2 Re8 13. Bg4 Qb6 14. Bxf6 Nxf6
15. Bxc8 Raxc8 16. O-O a5 17. b3 Rb8 18. Rab1 Rb7 19. Rb2 Reb8 20. Rfb1 Qc6 21.
Qd3 h5 22. h3 g6 23. Kh2 Kg7 24. Qe3 Rb6 1/2-1/2

[Event "104th ch-GBR 2017"]
[Site "Llandudno WLS"]
[Date "2017.07.31"]
[Round "3.33"]
[White "Gayson, Peter M"]
[Black "Jina, Taran"]
[Result "1-0"]
[WhiteElo "2160"]
[BlackElo "1777"]
[WhiteFideId "401838"]
[BlackFideId "426369"]
[EventDate "2017.07.29"]

1. e4 d6 2. d4 Nf6 3. Nc3 c6 4. Be3 Qa5 5. f3 e5 6. Qd2 Nbd7 7. Nh3 Be7 8. Be2
Qc7 9. O-O O-O 10. Rad1 b5 11. Nf2 Nb6 12. b3 a5 13. f4 Rd8 14. Qc1 exd4 15.
Bxd4 Bb7 16. Bf3 b4 17. e5 Nfd7 18. exd6 Bxd6 19. Ne2 Nf8 20. Ne4 Be7 21. Be5
Qc8 22. Rxd8 Qxd8 23. Rd1 Nfd7 24. c4 f6 25. Bd6 f5 26. Bxe7 Qxe7 27. Nd6 Nf6
28. Nxf5 Qc5+ 29. Qe3 Qxf5 30. Qxb6 Qc8 31. Rd6 Nd7 32. Qd4 Nf6 33. Qc5 Qe8 34.
h3 Ne4 35. Bxe4 Qxe4 36. Qe5 Qxe5 37. fxe5 Re8 38. e6 Bc8 39. Rxc6 Bxe6 40. Nd4
Bc8 41. Rc7 a4 42. bxa4 Rd8 43. Nc6 Rd1+ 44. Kh2 Bd7 45. Nxb4 Bxa4 46. Ra7 Be8
47. c5 Rc1 48. c6 Rc4 49. c7 Bd7 50. Nd5 Rc2 51. Nb6 Be6 52. Ra8+ Kf7 53. c8=Q
Bxc8 54. Nxc8 Rc6 55. a4 Ke6 56. a5 Kd7 57. Nb6+ Kd6 58. Rc8 1-0

[Event "104th ch-GBR 2017"]
[Site "Llandudno WLS"]
[Date "2017.07.31"]
[Round "3.34"]
[White "Munshi, Aditya"]
[Black "Moore, Graham J"]
[Result "0-1"]
[WhiteElo "1901"]
[BlackElo "2155"]
[WhiteFideId "436720"]
[BlackFideId "441988"]
[EventDate "2017.07.29"]

1. e4 e6 2. d4 d5 3. Nd2 Nf6 4. e5 Nfd7 5. Bd3 c5 6. c3 Nc6 7. Ne2 cxd4 8. cxd4
f6 9. exf6 Nxf6 10. O-O Bd6 11. Nf3 Qc7 12. Nc3 a6 13. Bd2 O-O 14. Rc1 Bd7 15.
Re1 Qb6 16. Na4 Qa7 17. Be3 Be8 18. Ne5 Rd8 19. Nc5 Bxc5 20. Nxc6 Bxc6 21. Rxc5
Qb6 22. Rc2 Qa5 23. b3 Be8 24. Bf4 Bh5 25. f3 Rde8 26. Bd6 Rf7 27. g4 Qd8 28.
Bg3 Bg6 29. Bxg6 hxg6 30. Qd3 Nh7 31. h4 Ref8 32. Re3 g5 33. h5 Re8 34. Be5 Nf8
35. Kg2 Nd7 36. Bg3 Qf6 37. Rce2 Nf8 38. Be5 Qh6 39. Qc3 g6 40. Re1 gxh5 41.
gxh5 Rh7 42. f4 gxf4 43. Rf3 Qxh5 44. Bxf4 Ng6 45. Rg3 Rf8 46. Rg5 Qh6 47. Qe3
Rg7 48. Qxe6+ Kh8 49. Kg3 Qh4+ 0-1

[Event "104th ch-GBR 2017"]
[Site "Llandudno WLS"]
[Date "2017.07.31"]
[Round "3.36"]
[White "Waddington, Mike P"]
[Black "Grant, Jonathan I M"]
[Result "1/2-1/2"]
[WhiteTitle "FM"]
[WhiteElo "2070"]
[BlackElo "2187"]
[WhiteFideId "410497"]
[BlackFideId "2400294"]
[EventDate "2017.07.29"]

1. c4 c5 2. Nc3 Nf6 3. g3 e6 4. Nf3 b6 5. Bg2 Bb7 6. O-O Be7 7. d4 cxd4 8. Qxd4
O-O 9. Rd1 d6 10. b3 Nbd7 11. Bb2 a6 12. Rac1 Rc8 13. Qf4 Qc7 14. Ba3 Nc5 15. h4
Rfd8 16. Bb2 Qb8 17. Bh3 d5 18. Qxb8 Rxb8 19. cxd5 Nxd5 20. Nxd5 Bxd5 21. Bg2
Rbc8 22. Ne5 Ne4 23. Nd3 Bf6 24. Bxf6 Nxf6 25. Nb4 Rxc1 26. Rxc1 Bxg2 27. Kxg2
a5 28. Nd3 h5 29. Rc6 1/2-1/2